ბათუმის შოთა რუსთაველის სახელმწიფო უნივერსიტეტის ბიბლიოთეკა

Популярная логика : Общедоступный очерк логики предложений (ბიბ.ჩანაწერი № 38806)

000 -LEADER
fixed length control field 00703nam a2200217Ia 4500
001 - CONTROL NUMBER
control field 5169
003 - CONTROL NUMBER IDENTIFIER
control field GE_BSU
008 - FIXED-LENGTH DATA ELEMENTS--GENERAL INFORMATION
fixed length control field 181216s||||||||xx |||||||||||||| ||und||
040 ## - CATALOGING SOURCE
Transcribing agency GE_BSU
080 ## - UNIVERSAL DECIMAL CLASSIFICATION NUMBER
Universal Decimal Classification number 510.6
100 ## - MAIN ENTRY--PERSONAL NAME
Personal name Гжегорчик,А
245 ## - TITLE STATEMENT
Title Популярная логика : Общедоступный очерк логики предложений
245 ## - TITLE STATEMENT
Statement of responsibility, etc. Пер. с польского. С.П. Беляева Ред. В.В.Донченко
250 ## - EDITION STATEMENT
Edition statement 2-е изд.
260 ## - PUBLICATION, DISTRIBUTION, ETC.
Place of publication, distribution, etc. Москва
260 ## - PUBLICATION, DISTRIBUTION, ETC.
Name of publisher, distributor, etc. Наука, Гл.ред. физ -мат лит-ры
260 ## - PUBLICATION, DISTRIBUTION, ETC.
Date of publication, distribution, etc. 1972.
300 ## - PHYSICAL DESCRIPTION
Extent 110 с.20 см
653 ## - INDEX TERM--UNCONTROLLED
Uncontrolled term Популярная логика
942 ## - ADDED ENTRY ELEMENTS (KOHA)
Koha item type წიგნი
ეგზემპლარები
Withdrawn status Lost status Damaged status Not for loan Date acquired Barcode Date last seen Price effective from Koha item type Public note
        2018-12-17 15968 2018-12-17 2018-12-17 წიგნი დარბაზი